000 00457nam a2200157 a 4500
001 000044048
005 20230519124900.0
008 140514s1976 sp 000 0 spa d
020 _a8472450767
040 _aDO-SdBNP
_bspa
_cBNPHU
040 _aDO-SdBNP
_bspa
_cBNPHU
100 1 _aXavier Rubert de Ventós
_972032
245 1 0 _aEnsayos sobre el Desorden /
_cXavier Rubert de Ventós.
260 _aBarcelona :
_bKairós,
_c1976.
300 _a118 p. ;
_c25 cm.
999 _c43537
_d43537